| 000 | 00862nam0a22002411 4500 | ||
|---|---|---|---|
| 001 | rc\650004 | ||
| 005 | 20250621195917.0 | ||
| 035 | _a(NLR Aleph) 005890272 | ||
| 090 |
_a6170119 _c6170119 |
||
| 100 | _a20031121d1986 |||y0rusy50 ca | ||
| 101 | 0 | _arus | |
| 102 | _aRU | ||
| 105 | _ay ||||||||| | ||
| 200 | 1 |
_aАлексей Елисеевич Крученых _eМетод. реком. по празднованию 100-летия со дня рождения писателя |
|
| 210 |
_aХерсон _cБ. и. _d1986 |
||
| 215 | _a18 с. | ||
| 300 | _aИсточник: Русские сов. писатели. Поэты: Биобиблиогр. указ. М., 1988, т. 11, с. 393 | ||
| 700 | 1 |
_aСухомеров _bС. _gСергей |
|
| 801 | 0 |
_aRU _bNLR _gpsbo |
|
| 801 | 1 |
_aRU _bELAR _2rusmarc |
|
| 852 |
_aNLR _jDesideratum |
||
| 942 | _cBOOK | ||
| 980 | _aNB | ||